000 00662nam a2200229Ia 4500
999 _c1747
_d1747
003 0100
008 130227s9999 xx 000 0 und d
040 _cARRUPELIB
050 _aDT2996.N38 2009
100 _aNdlovu-Gatsheni, Sabelo J.
_931967
245 _aDo`Zimbabweans' exists?
245 _btrajectories of nationalism, national indentity formation and crisis in a postcolonial state
260 _bPeter Lang
_aOxford
_c2009
300 _axiii
300 _b 412p. 25cm.
600 _aMugabe, Robert Gabriel
_d1924-
_xInfluence
_931968
650 _bNationalism
_zZimbabwe
_9366
650 _bNational characteristics
_xZimbabwean
_931969
650 _bZimbabwe
_xPolitics and government
_y1980-
_931935
650 _bPost colonialism
_zZimbabwe
_931970
942 _2lcc
_02
_cMONOGRAPH